000 00251nam a2200097Ia 4500
001 704268
005 20250826162407.0
008 250824s9999 xx 000 0 und d
245 0 _aAYNANIN İÇİNDEN
_cLEWIS CARROLL
260 _bANTİK DÜNYA KLASİKLERİ
999 _c704268
_d704268